[Event "Tourn. n8958"]
[Site "www.chess-mail.com"]
[Date "2016.12.02"]
[Round "1"]
[White "Passaroa25"]
[Black "Cal"]
[WhiteElo "1520"]
[BlackElo "1700"]
[Result "1-0"]
[Round "1"]
1.e4 e5
2.c3 d6
3.d3 h6
4.Nb1d2 Ng8f6
5.f3 Bf8e7
6.Ng1e2 O-O
7.Nd2b3 a6
8.Ne2g3 b6
9.Bf1e2 c5
10.Bc1e3 Nb8c6
11.O-O Bc8e6
12.Ng3f5 Be6xf5
13.exf5 Qd8d7
14.g4 Nf6h7
15.Be3f2 Be7g5
16.h4 Bg5f4
17.Kg2 Nh7f6
18.h5 Nf6xh5
19.gxh5 f6
20.d4 c4
21.Be2xc4 d5
22.Bc4d3 Qd7f7
23.Rf1h1 e4
24.fxe4 Nc6e7
25.Kf3 Bf4g5
26.Qd1g1 dxe4
27.Bd3xe4 a5
28.d5 Ne7c8
29.a4 Nc8d6
30.Bf2xb6 Nd6c4
31.Bb6d4 Ra8b8
32.Bd4c5 Rf8e8
33.Qg1d4 Nc4e5
34.Kg2 Ne5g4
35.Kf3 Ng4e5
36.Ke2 Ne5g4
37.Nb3xa5 Bg5e3
38.Qd4c4 Be3xc5
39.Qc4xc5 Re8xe4
40.Kf3 Rb8e8
41.Rh1h4 Qf7d7
42.d6 Ng4e5
43.Kxe4 Ne5g6
44.Kd4 Ng6xh4
45.Qc5d5 Kh7
46.Kc4 Re8e5
47.Qd5c6 Qd7xf5
48.Kb3 Re5xa5
49.d7 Qf5d5
50.Qc6c4 Qd5b7
51.Qc4b4 Qb7xb4
52.cxb4 Ra5d5
53.a5 Rd5xd7
54.Ka4 Nh4f5
55.b3 Rd7b7
56.Ra1c1 Nf5d6
57.Rc1c5 f5
58.a6 Rb7a7
59.b5 Nd6b7
60.Rc5c7 f4
61.Rc7xb7 f3
62.Rb7xa7 Kg8
63.Ra7a8 Kf7
64.Ra8d8 Kf6
65.Rd8f8 Kg5
66.Rf8xf3 { resign }
1-0

[Event "Match"]
[Site "www.echecsemail.com"]
[Date "2016.12.02"]
[Round "1"]
[White "Pariolinius"]
[Black "Arbiflex"]
[WhiteElo "1910"]
[BlackElo "1809"]
[Result "0-1"]
[Round "1"]
1.d4 e5
2.d5 Bf8c5
3.e4 Ng8f6
4.f3 d6
5.Nb1c3 O-O
6.Ng1e2 c6
7.Bc1g5 h6
8.Bg5h4 g5
9.Bh4g3 cxd5
10.Nc3xd5 Nf6xd5
11.Qd1xd5 Nb8c6
12.Ne2c3 Bc8e6
13.Qd5d2 Ra8c8
14.O-O-O Bc5b4
15.a3 Bb4xc3
16.bxc3 Qd8a5
17.Qd2xd6 Rf8d8
18.Rd1d5 Be6xd5
19.Qd6xh6 Qa5xa3
20.Kd2 Bd5xe4
21.Ke3 Qa3xc3
22.Kf2 Qc3d4
{ resign }
0-1

[Event "Match"]
[Site "www.echecsemail.com"]
[Date "2016.12.02"]
[Round "1"]
[White "Vinvangogh"]
[Black "Pariolinius"]
[WhiteElo "1310"]
[BlackElo "1840"]
[Result "0-1"]
[Round "1"]
1.e4 Nb8c6
2.Ng1f3 e5
3.Bf1b5 a6
4.Bb5c4 Bf8c5
5.O-O Ng8f6
6.Nf3g5 O-O
7.Nb1c3 b5
8.d4 Nc6xd4
9.Nc3d5 c6
10.f4 cxd5
11.exd5 bxc4
12.a3 exf4
13.Rf1xf4 { time. }
0-1

[Event "Match"]
[Site "www.echecsemail.com"]
[Date "2016.12.02"]
[Round "1"]
[White "Vinvangogh"]
[Black "Pwain"]
[WhiteElo "1310"]
[BlackElo "2390"]
[Result "0-1"]
[Round "1"]
1.d4 c5
2.Ng1f3 cxd4
3.Qd1xd4 Nb8c6
4.Qd4d1 Ng8f6
5.Nb1c3 d5
6.e4 d4
7.Nc3b5 e5
8.Bf1c4 Bf8e7
9.O-O a6
10.Nb5a3 O-O
11.Bc1g5 { time. }
0-1

[Event "Match"]
[Site "www.echecsemail.com"]
[Date "2016.12.02"]
[Round "1"]
[White "Tonino1"]
[Black "Wwgia"]
[WhiteElo "2030"]
[BlackElo "2000"]
[Result "1-0"]
[Round "1"]
1.f4 d5
2.d4 g6
3.e3 Bf8g7
4.Bf1d3 e6
5.Ng1f3 Ng8e7
6.b3 O-O
7.Bc1b2 c5
8.Nb1d2 cxd4
9.exd4 Nb8c6
10.O-O b6
11.a3 Bc8b7
12.Nf3e5 Ra8c8
13.Ra1c1 f6
14.Ne5f3 Qd8d6
15.g3 e5
16.fxe5 fxe5
17.dxe5 Nc6xe5
18.Nf3xe5 Bg7xe5
19.Bb2xe5 Qd6xe5
20.Qd1e2 Qe5d6
21.c4 dxc4
22.Rc1xc4 Qd6d5
23.Bd3e4 Qd5d7
24.Be4xb7 Qd7xb7
25.Qe2e6 Kg7
26.Rc4xc8 Qb7xc8
27.Qe6xe7 { resign }
1-0

[Event "Match"]
[Site "www.echecsemail.com"]
[Date "2016.12.02"]
[Round "1"]
[White "Gimmyg"]
[Black "Jpmartinez"]
[WhiteElo "2500"]
[BlackElo "2580"]
[Result "1/2-1/2"]
[Round "1"]
1.Ng1f3 d5
2.g3 c6
3.Bf1g2 Bc8g4
4.h3 Bg4h5
5.d3 e6
6.Nb1d2 Bf8d6
7.c4 Ng8f6
8.a3 a5
9.Qd1b3 Qd8e7
10.O-O O-O
11.g4 Bh5g6
12.Nf3h4 a4
13.Qb3c3 Nb8d7
14.Nh4xg6 hxg6
15.Nd2f3 Rf8c8
16.Bc1e3 e5
17.Qc3c2 b5
18.cxd5 cxd5
19.Qc2d2 d4
20.Be3g5 Nd7c5
21.Ra1b1 Nc5b3
22.Qd2d1 Ra8b8
23.Nf3d2 Qe7e6
24.e3 Nb3xd2
25.Qd1xd2 dxe3
26.Bg5xe3 Nf6d5
27.Rb1c1 Rc8d8
28.Qd2c2 Nd5xe3
29.fxe3 Bd6e7
30.Bg2e4 Rb8c8
31.Qc2d2 Be7g5
32.Rc1xc8 Rd8xc8
33.Kg2 Qe6b6
34.Kf3 Qb6c5
35.Ke2 Rc8c7
36.Rf1h1 Bg5h4
{ draw }
1/2-1/2

[Event "Match"]
[Site "www.echecsemail.com"]
[Date "2016.12.02"]
[Round "1"]
[White "Libiesse"]
[Black "Worldnumber1"]
[WhiteElo "2050"]
[BlackElo "1809"]
[Result "1-0"]
[Round "1"]
1.d4 d6
2.c4 Ng8f6
3.Ng1f3 g6
4.Nb1c3 Bf8g7
5.e4 O-O
6.Bf1e2 Nb8d7
7.Bc1e3 e5
8.d5 a5
9.Nf3d2 Nd7c5
10.a3 Bc8d7
11.f4 exf4
12.Be3xf4 Nf6h5
13.Be2xh5 Bd7g4
14.Bh5xg4 Nc5d3
15.Kf1 Nd3xf4
16.g3 Nf4d3
17.Ra1b1 Nd3c5
18.Kg2 Bg7xc3
19.bxc3 h5
20.Bg4f3 Rf8e8
21.Qd1c2 b6
22.Nd2b3 Nc5xb3
23.Rb1xb3 Re8e5
24.Rb3b2  { time }
1-0

[Event "Match"]
[Site "www.echecsemail.com"]
[Date "2016.12.02"]
[Round "1"]
[White "Billyg"]
[Black "Autmich"]
[WhiteElo "1730"]
[BlackElo "999"]
[Result "0-1"]
[Round "1"]
1.e4 e5
2.Ng1f3 Nb8c6
3.Bf1b5 a6
4.Bb5a4 Ng8f6
5.Ba4xc6 dxc6
6.Nf3xe5 Qd8d4
7.Ne5xf7 Qd4xe4
8.Qd1e2 Qe4xe2
9.Kxe2 Kxf7
10.Rh1e1 Bf8d6
11.g3 Bc8g4
12.Kf1 Rh8e8
13.Re1xe8 Ra8xe8
14.Nb1c3 Bg4h3
15.Kg1 Re8e1
{ resign }
0-1

[Event "Match"]
[Site "www.echecsemail.com"]
[Date "2016.12.02"]
[Round "1"]
[White "Rindrandria"]
[Black "Ranjachess"]
[WhiteElo "1750"]
[BlackElo "1680"]
[Result "0-1"]
[Round "1"]
1.e4 e5
2.Qd1h5 Bf8e7
3.Qh5xe5 Ng8f6
4.Qe5g5 O-O
5.Bf1d3 Nf6xe4
6.Qg5d5 Ne4f6
7.Qd5f5 d5
8.Qf5e5 Be7d6
9.Qe5c3 c5
10.b4 Rf8e8
11.Ng1e2 Bd6e5
12.Qc3xc5 Be5xa1
13.c3 Nb8c6
14.f3 a5
15.b5 Nc6e5
16.Bd3c2 d4
17.cxd4 Ba1xd4
18.Qc5xd4 Qd8xd4
19.Ne2xd4 Ne5xf3
20.Kf2 Nf3xd4
21.Bc2a4 Nf6e4
22.Ke3 Ne4g3
23.Kxd4 Ng3xh1
24.Nb1c3 Bc8f5
25.b6 Re8e6
26.Nc3d5 Ra8d8
27.d3 Nh1f2
28.Bc1g5 f6
29.Bg5d2 Bf5xd3
30.Bd2e3 Re6e4
31.Kc3 Re4xa4
32.Be3xf2 Rd8xd5
33.Kb3 Ra4c4
34.a4 Rc4e4
35.g4 Bd3a6
36.h4 Rd5d3
37.Kb2 Re4e2
38.Kc1 Re2xf2
39.g5 Rd3h3
40.Kd1 Rh3h1

0-1

[Event "Match"]
[Site "www.echecsemail.com"]
[Date "2016.12.02"]
[Round "1"]
[White "Leochessnut"]
[Black "Paco"]
[WhiteElo "1900"]
[BlackElo "1900"]
[Result "1-0"]
[Round "1"]
1.d4 d5
2.c4 dxc4
3.e4 Nb8c6
4.Bc1e3 e5
5.d5 Bf8b4
6.Nb1d2 Nc6a5
7.Qd1a4 c6
8.Qa4xb4 cxd5
9.Qb4b5 Na5c6
10.exd5 a6
11.Qb5c5 Nc6d4
12.Be3xd4 exd4
13.Nd2xc4 Ng8f6
14.Ng1f3 Nf6xd5
15.Nc4d6 Kd7
16.Qc5xd5 Rh8f8
17.Nd6xb7 Ke7
18.Qd5c5 Ke8
19.Nb7xd8 Kxd8
20.Qc5xf8 { resign }
1-0

[Event "Match"]
[Site "www.echecsemail.com"]
[Date "2016.12.02"]
[Round "1"]
[White "Genius3"]
[Black "Cal"]
[WhiteElo "1650"]
[BlackElo "1670"]
[Result "1-0"]
[Round "1"]
1.d4 d5
2.Bc1f4 h6
3.e3 a6
4.c4 dxc4
5.Bf1xc4 Ng8f6
6.Ng1f3 e6
7.O-O Bc8d7
8.Nb1c3 Bf8b4
9.Qd1b3 Bb4xc3
10.Qb3xc3 Nb8c6
11.Nf3e5 Nc6xe5
12.Bf4xe5 Nf6e4
13.Qc3c2 O-O
14.Qc2xe4 c6
15.Qe4g4 f6
16.Bc4xe6 Bd7xe6
17.Qg4xe6 Rf8f7
18.Be5g3 b5
19.Ra1c1 f5
20.Rc1xc6 a5
21.Rf1c1 Kf8
22.Rc6c8 Ra8xc8
23.Qe6d6 Qd8xd6
24.Bg3xd6 Kg8
25.Rc1xc8 Kh7
26.g3 Rf7d7
27.Bd6e5 g5
28.Rc8h8 Kg6
29.Rh8b8 f4
30.exf4 gxf4
31.gxf4 b4
32.Rb8b6 Kf5
33.f3 Rd7f7
34.Rb6xh6 a4
35.Rh6b6 Rf7h7
36.Rb6f6 { resign }
1-0

[Event "1/16 Finale"]
[Site "www.chess-mail.com"]
[Date "2016.12.02"]
[Round "1"]
[White "Obisporey"]
[Black "Jose"]
[WhiteElo "2620"]
[BlackElo "2760"]
[Result "1/2-1/2"]
[Round "1"]
1.e4 c5
2.Ng1f3 d6
3.d4 cxd4
4.Nf3xd4 Ng8f6
5.Nb1c3 a6
6.a4 Nb8d7
7.Bf1e2 g6
8.O-O Qd8c7
9.Bc1g5 Bf8g7
10.Qd1d2 O-O
11.Rf1e1 Rf8e8
12.a5 b5
13.axb6 Nd7xb6
14.Bg5h6 Bg7h8
15.Nd4b3 Bc8e6
16.Ra1xa6 Nb6c4
17.Be2xc4 Be6xc4
18.Ra6xa8 Re8xa8
19.Nb3c1 Nf6g4
20.Bh6f4 Qc7b6
21.Nc1d3 Bh8xc3
22.bxc3 Bc4xd3
23.cxd3 Qb6b3
24.Re1f1 Ra8a2
25.Qd2e1 Ng4e5
26.Bf4xe5 dxe5
27.d4 exd4
28.cxd4 Qb3c4
{ draw }
1/2-1/2

[Event "1/128 Finale"]
[Site "www.chess-mail.com"]
[Date "2016.12.02"]
[Round "1"]
[White "Manuelito"]
[Black "Guidom"]
[WhiteElo "1730"]
[BlackElo "2150"]
[Result "0-1"]
[Round "1"]
1.d4 d5
2.e3 c6
3.Ng1f3 Bc8g4
4.Bf1e2 Ng8f6
5.h3 Bg4h5
6.c4 e6
7.Nb1c3 Bf8e7
8.O-O O-O
9.cxd5 exd5
10.Qd1b3 Qd8b6
11.Qb3xb6 axb6
12.Rf1e1 Nb8d7
13.g4 Bh5g6
14.Nf3h4 b5
15.a3 b4
16.Nc3d1 Nd7b6
17.Bc1d2 bxa3
18.bxa3 Ra8xa3
19.Ra1xa3 Be7xa3
20.f4 Bg6e4
21.Nd1f2 Nb6d7
22.Re1a1 Ba3e7
23.Ra1a7 Rf8b8
24.Nf2xe4 Nf6xe4
25.Bd2e1 Be7d8
26.Be1f2 Ne4xf2
27.Kxf2 Bd8xh4
28.Kf3 c5
29.dxc5 Nd7xc5
30.g5 Bh4e1
31.Kg4 Nc5e4
32.h4 Be1d2
33.Kf3 f5
34.gxf6 Ne4xf6
35.f5 b5
36.Ra7a1 b4
37.Be2d1 b3
38.Ra1b1 b2
39.Bd1c2 Bd2c1
40.Ke2 Nf6e4
41.Bc2xe4 dxe4
42.Kf2 Rb8f8
{ resign }
0-1

[Event "1/128 Finale"]
[Site "www.chess-mail.com"]
[Date "2016.12.02"]
[Round "1"]
[White "7111"]
[Black "Redabond"]
[WhiteElo "1809"]
[BlackElo "1700"]
[Result "1-0"]
[Round "1"]
1.f4 d5
2.Ng1f3 Bc8f5
3.e3 Nb8c6
4.b3 e6
5.Bc1b2 Bf8b4
6.a3 Bb4d6
7.Bf1e2 Ng8f6
8.O-O O-O
9.b4 d4
10.Nf3xd4 Nc6xd4
11.Bb2xd4 Rf8e8
12.Nb1c3 e5
13.fxe5 Bd6xe5
14.Bd4xe5 Re8xe5
15.Be2f3 Bf5e4
16.Nc3xe4 Nf6xe4
17.Bf3xe4 Re5xe4
18.Qd1f3 Re4e6
19.Qf3xf7 Kh8
20.Qf7xe6 Qd8xd2
21.Qe6e4 c6
22.Rf1f2 Qd2d6
23.Ra1f1 h6
24.Rf2f7 Kg8
25.Qe4g4 g5
26.Qg4e4 { resign }
1-0

[Event "Fast Game"]
[Site "www.echecsemail.com"]
[Date "2016.12.02"]
[Round "1"]
[White "Libiesse"]
[Black "Attatroll"]
[WhiteElo "1760"]
[BlackElo "1860"]
[Result "1/2-1/2"]
[Round "1"]
1.d4 e5
2.dxe5 Nb8c6
3.Ng1f3 Qd8e7
4.e3 Nc6xe5
5.b3 d6
6.Bc1b2 Ng8f6
7.Bf1d3 Ne5xd3
8.cxd3 Bc8g4
9.h3 Bg4xf3
{ draw }
1/2-1/2

[Event "Tourn. n8998"]
[Site "www.chess-mail.com"]
[Date "2016.12.03"]
[Round "1"]
[White "Aalekhine"]
[Black "Falcoale"]
[WhiteElo "1499"]
[BlackElo "1600"]
[Result "1-0"]
[Round "1"]
1.Ng1f3 c5
2.b3 Ng8f6
3.Bc1b2 e6
4.g3 Nb8c6
5.Bf1g2 d5
6.O-O Bf8e7
7.d3 O-O
8.Nb1d2 Ra8b8
9.e4 d4
10.e5 Nf6d7
11.Rf1e1 a6
12.c3 Nd7b6
13.c4 Nc6b4
14.Nd2e4 f5
15.exf6 Be7xf6
16.Ne4xc5 Nb4c6
17.Nc5xe6 Bc8xe6
18.Re1xe6 Qd8d7
19.Bg2h3 Qd7d8
20.Qd1d2 Rf8e8
21.Ra1e1 Re8xe6
22.Re1xe6 a5
23.Re6e1 Qd8f8
24.Bh3e6 Kh8
25.a3 Rb8d8
26.Be6h3 Bf6e7
27.Bh3g2 a4
28.b4 Nb6d7
29.Nf3xd4 Nc6xd4
30.Bb2xd4 Nd7f6
31.Bd4xf6 Be7xf6
32.Bg2xb7 Qf8f7
33.Bb7d5 Qf7a7
34.Kg2 Rd8f8
35.c5 Bf6d4
36.Qd2c1 Bd4xf2
37.Re1f1 Qa7f7
38.Bd5xf7 { resign }
1-0

[Event "Tourn. n9096"]
[Site "www.chess-mail.com"]
[Date "2016.12.03"]
[Round "1"]
[White "Caspito"]
[Black "Nulladies"]
[WhiteElo "1850"]
[BlackElo "1830"]
[Result "0-1"]
[Round "1"]
1.e4 c5
2.b3 g6
3.Bc1b2 Ng8f6
4.Qd1f3 Bf8g7
5.Bf1c4 e6
6.e5 Nf6g8
7.Ng1h3 d5
8.Bc4b5 Bc8d7
9.Nh3g5 Qd8xg5
10.Bb5xd7 Nb8xd7
11.d4 Ng8e7
12.Nb1c3 cxd4
13.Nc3b5 Qg5xe5
14.Kd2 O-O
15.Ra1e1 Qe5g5
16.Kd1 Ne7f5
17.Bb2a3 Rf8c8
18.g3 a6
19.h4 Qg5f6
20.Nb5d6 Rc8c3
21.Qf3e2 Nf5xd6
22.Ba3xd6 Ra8c8
{ resign }
0-1

[Event "Tourn. n9075"]
[Site "www.chess-mail.com"]
[Date "2016.12.03"]
[Round "1"]
[White "Azulmarino"]
[Black "Cal"]
[WhiteElo "1570"]
[BlackElo "1570"]
[Result "1-0"]
[Round "1"]
1.e4 e5
2.Ng1f3 d6
3.Bf1c4 h6
4.Nb1c3 Nb8c6
5.d4 exd4
6.Nc3d5 Bc8e6
7.Bc1d2 a6
8.Bd2f4 Be6xd5
9.Bc4xd5 Nc6a5
10.Nf3xd4 Ng8f6
11.Nd4f5 c6
12.Bd5b3 Bf8e7
13.Nf5xg7 Kf8
14.Ng7f5 b5
15.Nf5xh6 Nf6xe4
16.Qd1f3 d5
17.Qf3h5 Ne4f6
18.Qh5xf7 { resign }
1-0

[Event "Tourn. n9043"]
[Site "www.chess-mail.com"]
[Date "2016.12.03"]
[Round "1"]
[White "Prize640"]
[Black "Norlavuaram"]
[WhiteElo "2280"]
[BlackElo "2220"]
[Result "1-0"]
[Round "1"]
1.Ng1f3 Ng8f6
2.g3 g6
3.Bf1g2 Bf8g7
4.O-O O-O
5.c4 d6
6.d4 c6
7.Nb1c3 a6
8.e4 Nb8d7
9.h3 b5
10.e5 Nf6e8
11.exd6 Ne8xd6
12.c5 Nd6b7
13.Rf1e1 e6
14.Ra1b1 Rf8e8
15.Bc1f4 b4
16.Nc3e4 Nd7f6
17.Bf4g5 h6
18.Ne4xf6 Bg7xf6
19.Bg5xf6 Qd8xf6
20.Nf3e5 Nb7d8
21.Ne5xc6 Bc8b7
22.Nc6xb4 Bb7xg2
23.Kxg2 a5
24.Nb4c2 Nd8c6
25.Qd1g4 Re8d8
26.Rb1d1 Ra8b8
27.b3 Nc6e7
28.Qg4e4 Ne7d5
29.Rd1d3 Qf6g7
30.Nc2e3 Nd5b4
31.Rd3d2 Rb8c8
32.Ne3c4 Rc8a8
33.Re1c1 Nb4d5
34.c6 Qg7f8
35.Nc4e5 Kg7
36.Rc1c5 Nd5c7
37.Ne5d7 Qf8d6
38.Nd7b6 Ra8b8
39.Nb6c4 Qd6e7
40.Rc5xa5 Rb8a8
41.Ra5xa8 Rd8xa8
42.d5 Qe7c5
43.Qe4e5 { resign }
1-0

[Event "Tourn. n9059"]
[Site "www.chess-mail.com"]
[Date "2016.12.03"]
[Round "1"]
[White "Nulladies"]
[Black "Olddog55"]
[WhiteElo "1850"]
[BlackElo "1820"]
[Result "1-0"]
[Round "1"]
1.d4 d5
2.Bc1f4 e6
3.Ng1f3 c5
4.c3 c4
5.e3 Ng8f6
6.Nb1d2 Bf8d6
7.Nf3e5 O-O
8.Bf1e2 Qd8b6
9.Ra1b1 h6
10.b3 g5
11.Bf4g3 h5
12.Be2xh5 Qb6a5
13.Ne5xf7 Bd6a3
14.b4 Qa5b6
15.Nf7xg5 Kg7
16.Bg3e5 Kh6
17.Be5f4 Kg7
18.Bf4e5 Nb8d7
19.Nd2f3 Rf8h8
20.Bh5g4 Kg8
21.Qd1c2 Nd7xe5
22.Nf3xe5 Rh8h4
23.g3 Rh4h6
24.Ne5f7 Kg7
25.Nf7xh6 Kxh6
26.h4 { resign }
1-0

[Event "Tourn. n9081"]
[Site "www.chess-mail.com"]
[Date "2016.12.03"]
[Round "1"]
[White "Attatroll"]
[Black "Al3x"]
[WhiteElo "1970"]
[BlackElo "2100"]
[Result "0-1"]
[Round "1"]
1.e4 e5
2.Ng1f3 Nb8c6
3.Bf1c4 Ng8f6
4.Nf3g5 d5
5.exd5 Nc6a5
6.Bc4b5 c6
7.dxc6 bxc6
8.Bb5e2 h6
9.Ng5f3 e4
10.Nf3h4 g5
11.Nh4f3 exf3
12.Be2xf3 Qd8b6
13.O-O Bf8e7
14.Rf1e1 Bc8e6
15.a3 O-O
16.b4 Na5c4
17.d3 Nc4d6
18.Bc1b2 Nd6f5
19.Nb1d2 Nf5h4
20.Nd2b3 Ra8e8
21.Kh1 Be6d5
22.Bf3xd5 cxd5
23.Bb2d4 Qb6c7
24.Nb3c5 Qc7f4
25.Bd4e5 Qf4g4
26.Qd1xg4 Nf6xg4
27.Nc5d7 Ng4xe5
28.Re1xe5 f6
29.Re5xe7 Re8xe7
30.Nd7xf8 Kxf8
31.Kg1 Re7e2
32.c4 Re2d2
33.c5 Rd2xd3
34.Ra1c1 Ke7
35.c6 Nh4f5
36.a4 Rd3d4
37.Rc1e1 Kd6
38.Re1c1 Rd4c4
39.Rc1xc4 dxc4
40.Kf1 c3
41.Ke2 c2
42.Kd2 Nf5d4
43.b5 a6
44.bxa6 Kxc6
{ resign }
0-1

[Event "Tourn. n8998"]
[Site "www.chess-mail.com"]
[Date "2016.12.03"]
[Round "1"]
[White "Falcoale"]
[Black "Albertf"]
[WhiteElo "1600"]
[BlackElo "1700"]
[Result "1/2-1/2"]
[Round "1"]
1.e4 e5
2.Ng1f3 Nb8c6
3.d4 exd4
4.Nf3xd4 Qd8h4
5.Nb1c3 Bf8b4
6.Nd4xc6 Qh4xe4
7.Qd1e2 Qe4xe2
8.Bf1xe2 dxc6
9.Bc1d2 Bc8f5
10.O-O-O O-O-O
11.a3 Bb4c5
12.f3 Ng8f6
13.g4 Bf5e6
14.g5 Nf6d5
15.h4 Rd8d7
16.f4 Rh8d8
17.Nc3xd5 Be6xd5
18.Rh1h2 Bd5e6
19.Be2d3 g6
20.h5 gxh5
21.Bd3xh7 f6
22.g6 Bc5e3
23.Rh2g2 Be6g4
24.Rg2xg4 hxg4
25.g7 Rd7xg7
26.Bh7f5 Kb8
27.Bd2xe3 Rd8xd1
28.Kxd1 g3
29.Be3g1 Rg7g8
30.Ke2 b6
31.Kf3 c5
32.Bf5g4 a6
33.f5 Kc8
34.Kxg3 Kd7
35.Kf4 Ke7
36.Bg1e3 Rg8d8
37.b4 Kd6
38.Be3d2 cxb4
39.Bd2xb4 Kd7
40.Bb4c3 Ke7
41.Kf3 a5
42.Ke4 Kf7
43.Bc3d4 c5
44.Bd4c3 Rd8e8
45.Kf4 Re8d8
46.Bg4h5 Ke7
47.Ke4 Rd8d7
48.Ke3 Rd7d5
49.Bh5g6 Rd5d7
50.Bg6h7 Kf8
51.Bh7g6 Kg7
52.Bc3d2 Rd7e7
53.Kd3 Re7d7
54.Kc3 Rd7d6
{ draw }
1/2-1/2

[Event "Tourn. n8897"]
[Site "www.chess-mail.com"]
[Date "2016.12.03"]
[Round "1"]
[White "Emiondi"]
[Black "Comrade"]
[WhiteElo "2170"]
[BlackElo "2180"]
[Result "1/2-1/2"]
[Round "1"]
1.d4 Ng8f6
2.c4 g6
3.Nb1c3 d5
4.Ng1f3 dxc4
5.e4 e6
6.Bf1xc4 Bf8g7
7.Bc1g5 h6
8.Bg5f4 g5
9.Bf4e3 c6
10.O-O b5
11.Bc4d3 O-O
12.h3 Nb8d7
13.b4 Nd7b6
14.e5 Nf6d5
15.Nc3xd5 exd5
16.Ra1c1 Bc8d7
17.Qd1c2 f5
18.Be3d2 Nb6c4
19.a4 a5
20.bxa5 g4
21.hxg4 fxg4
22.Nf3h2 Nc4xd2
23.Qc2xd2 bxa4
24.Rc1c5 g3
25.Nh2f3 Rf8xf3
26.gxf3 Qd8h4
27.fxg3 Qh4xg3
28.Qd2g2 Qg3xg2
29.Kxg2 Bg7f8
30.Rc5c2 Ra8xa5
31.Rf1a1 c5
32.dxc5 Bf8xc5
33.f4 a3
34.Rc2d2 Bc5e3
35.Rd2a2 Be3xf4
36.Ra2xa3 Ra5xa3
37.Ra1xa3 Bf4xe5
38.Kf3 Kf7
39.Ra3a6 h5
40.Bd3g6 Ke7
41.Bg6xh5 d4
42.Ke4 Be5g7
43.Bh5e2 Bg7h8
44.Be2c4 Bd7h3
45.Ra6h6 Bh3g2
46.Kf4 Bh8f6
47.Kf5 Bf6g7
48.Rh6e6 Kf8
49.Re6g6 Bg2h3
50.Kg5 Bh3c8
51.Rg6xg7 Kxg7
52.Kf4 { draw }
1/2-1/2

[Event "Match"]
[Site "www.echecsemail.com"]
[Date "2016.12.03"]
[Round "1"]
[White "Raulazo"]
[Black "Pariolinius"]
[WhiteElo "1940"]
[BlackElo "1880"]
[Result "0-1"]
[Round "1"]
1.Ng1f3 Ng8f6
2.Nb1c3 g6
3.d4 Bf8g7
4.Bc1g5 O-O
5.Qd1d2 d6
6.h3 Nb8d7
7.O-O-O Nd7b6
8.Bg5xf6 Bg7xf6
9.e4 c6
10.e5 Bf6g7
11.b3 Bc8f5
12.Bf1d3 Bf5xd3
13.Qd2xd3 Bg7h6
14.Kb2 e6
15.g4 Qd8e7
16.h4 Bh6f4
17.g5 Ra8d8
18.h5 Bf4xg5
19.h6 d5
20.Rd1g1 f6
21.a3 Nb6d7
22.b4 Nd7b6
23.Kb3 Nb6c4
24.Qd3e2 a5
25.Nc3a4 b5
26.Na4b2 axb4
27.a4 Rd8a8
28.Rg1a1 Nc4xb2
29.Kxb2 bxa4
30.Nf3e1 Rf8b8
31.Ne1d3 b3
32.Nd3c5 bxc2
33.Kxc2 a3
34.Kd3 Rb8b2
35.Qe2f3 f5
36.Kc3 Bg5d2
37.Kd3 Bd2b4
38.Rh1b1 Rb2d2
39.Ke3 Qe7g5
40.Qf3f4 Rd2e2
41.Kf3 Re2xf2
42.Kxf2 Qg5xf4
43.Kg2 Qf4xd4
44.Nc5xe6 Qd4e4
45.Kh3 Qe4g4
46.Kh2 Bb4c3
47.Ra1a2 Bc3xe5
48.Kh1 Qg4e4
{ resign }
0-1

[Event "Match"]
[Site "www.echecsemail.com"]
[Date "2016.12.03"]
[Round "1"]
[White "Paco"]
[Black "Roohbakhsh"]
[WhiteElo "1890"]
[BlackElo "1499"]
[Result "0-1"]
[Round "1"]
1.e4 c5
2.d4 cxd4
3.Qd1xd4 Nb8c6
4.Qd4a4 g6
5.Ng1f3 Bf8g7
6.Bf1c4 Ng8f6
7.Nf3g5 O-O
8.O-O Nc6e5
9.Bc4b3 h6
10.Ng5f3 Ne5xf3
11.gxf3 a5
12.Kh1 d6
13.Rf1g1 Bc8d7
14.Qa4d4 Bd7e6
15.c4 Qd8c7
16.f4 Nf6g4
17.Qd4d2 Qc7c5
18.Rg1g2 Bg7d4
19.Kg1 b5
20.cxb5 Rf8c8
21.h3 Qc5xc1
22.Qd2d1 Be6xb3
23.Nb1c3 Qc1xd1
24.Nc3xd1 Bb3xd1
25.Ra1xd1 Bd4xf2
26.Rg2xf2 Ng4xf2
27.Kxf2 Rc8c2
28.Ke3 Rc2xb2
29.a4 Rb2b3
30.Kd4 Rb3xh3
31.Kd5 Ra8c8
32.e5 dxe5
33.fxe5 Rc8d8
34.Kc6 Rd8xd1
35.b6 Rh3c3
36.Kb7 g5
37.Ka6 g4
38.b7 Rd1b1
39.Ka7 Rc3b3
{ resign }
0-1

[Event "Match"]
[Site "www.echecsemail.com"]
[Date "2016.12.03"]
[Round "1"]
[White "Gambitmiau"]
[Black "Azorau"]
[WhiteElo "1840"]
[BlackElo "1870"]
[Result "1-0"]
[Round "1"]
1.e4 e5
2.d4 Nb8c6
3.Ng1f3 Bf8b4
4.c3 Bb4e7
5.d5 Nc6b8
6.Nf3xe5 d6
7.Bf1b5 c6
8.dxc6 Kf8
9.cxb7 Bc8xb7
10.Ne5c4 Bb7xe4
11.f3 Be4xb1
12.Ra1xb1 a6
13.Bb5a4 Be7h4
14.g3 Qd8e7
15.Bc1e3 Bh4g5
16.Kf2 Bg5xe3
17.Nc4xe3 Ng8f6
18.Rh1e1 Nf6e8
19.Ba4xe8 Qe7xe8
20.Qd1xd6 Kg8
21.Ne3d5 Qe8d7
22.Re1e8 Qd7xe8
23.Nd5e7 Kf8
24.Rb1e1 Qe8d7
25.Ne7g6 { resign }
1-0

[Event "Match"]
[Site "www.echecsemail.com"]
[Date "2016.12.03"]
[Round "1"]
[White "Wwgia"]
[Black "Juodivarnai"]
[WhiteElo "2000"]
[BlackElo "2180"]
[Result "1-0"]
[Round "1"]
1.d4 d5
2.c4 c6
3.Nb1c3 e6
4.Ng1f3 dxc4
5.e3 b5
6.a4 Bf8b4
7.Bc1d2 Ng8f6
8.axb5 Bb4xc3
9.Bd2xc3 cxb5
10.b3 a5
11.bxc4 b4
12.Bc3xb4 Bc8b7
13.Bb4a3 Nb8c6
14.Bf1e2 Nc6b4
15.O-O O-O
16.Ba3xb4 axb4
17.Qd1b3 Bb7xf3
18.Be2xf3 Ra8b8
19.Ra1a4 Qd8b6
20.Rf1b1 { resign }
1-0

[Event "Match"]
[Site "www.echecsemail.com"]
[Date "2016.12.03"]
[Round "1"]
[White "Jobeye"]
[Black "Fangshuo"]
[WhiteElo "1809"]
[BlackElo "2110"]
[Result "1-0"]
[Round "1"]
1.Ng1f3 d5
2.b3 Ng8f6
3.Bc1b2 e6
4.e3 Bf8b4
5.Bf1e2 O-O
6.O-O Nb8d7
7.d3 Rf8e8
8.a3 Bb4d6
9.Nb1d2 e5
10.Nf3h4 c5
11.Nh4f5 Qd8c7
12.Nd2f3 e4
13.dxe4 Nd7e5
14.Nf5xd6 Qc7xd6
15.Bb2xe5 Qd6e6
16.exd5 Nf6xd5
17.Be2c4 Re8d8
18.e4 Qe6g6
19.Bc4xd5 Bc8h3
20.Nf3h4 Qg6g5
21.Be5g3 Bh3e6
22.f4 Qg5h6
23.c4 Be6xd5
24.cxd5 { resign }
1-0

[Event "1/128 Finale"]
[Site "www.chess-mail.com"]
[Date "2016.12.03"]
[Round "1"]
[White "Ciappo"]
[Black "Papaours"]
[WhiteElo "2510"]
[BlackElo "2190"]
[Result "1-0"]
[Round "1"]
1.d4 f5
2.g3 Ng8f6
3.Bf1g2 g6
4.c4 Bf8g7
5.Nb1c3 O-O
6.e3 d6
7.Ng1e2 e5
8.O-O Rf8e8
9.b4 Nb8d7
10.c5 e4
11.Qd1b3 Kh8
12.a4 Nd7f8
13.d5 Nf8d7
14.cxd6 cxd6
15.Ne2f4 Nd7e5
16.Nc3b5 g5
17.Nf4e6 Bc8xe6
18.dxe6 Ne5d3
19.Nb5d4 Nf6g4
20.f3 Bg7xd4
21.exd4 Qd8b6
22.fxg4 Qb6xd4
23.Kh1 Qd4xa1
24.Bc1d2 Qa1f6
25.Bg2xe4 Nd3e5
26.Rf1xf5 Qf6xe6
27.Rf5f8 Kg7
28.Qb3xe6 { resign }
1-0

[Event "Tourn. n9069"]
[Site "www.chess-mail.com"]
[Date "2016.12.04"]
[Round "1"]
[White "Norlavuaram"]
[Black "Libiesse"]
[WhiteElo "2250"]
[BlackElo "2070"]
[Result "1-0"]
[Round "1"]
1.e4 c5
2.Ng1f3 e6
3.d4 cxd4
4.Nf3xd4 Ng8f6
5.Bf1d3 Nb8c6
6.Bc1e3 a6
7.c4 Nc6e5
8.Nb1c3 Ne5xd3
9.Qd1xd3 Bf8b4
10.f3 Qd8a5
11.Nd4e2 O-O
12.O-O Rf8d8
13.a3 Bb4e7
14.b4 Qa5c7
15.Ra1c1 d6
16.Rf1d1 Bc8d7
17.Qd3b1 Bd7c6
18.Nc3d5 Bc6xd5
19.cxd5 Qc7d7
20.dxe6 fxe6
21.Qb1b3 d5
22.exd5 Nf6xd5
23.Be3f2 a5
24.Ne2f4 Be7g5
25.Nf4xd5 Bg5xc1
26.Nd5f6 { resign }
1-0

[Event "Tourn. n9107"]
[Site "www.chess-mail.com"]
[Date "2016.12.04"]
[Round "1"]
[White "B0zata"]
[Black "Jobeye"]
[WhiteElo "2240"]
[BlackElo "2149"]
[Result "0-1"]
[Round "1"]
1.d4 d5
2.Bc1f4 c5
3.Bf4xb8 Ra8xb8
4.dxc5 Qd8a5
5.Nb1c3 Bc8e6
6.Ng1f3 Qa5xc5
7.e3 a6
8.Bf1e2 g6
9.Nf3d4 Bf8g7
10.Nd4xe6 Bg7xc3
11.bxc3 Qc5xc3
12.Kf1 fxe6
13.g3 Ng8f6
14.Kg2 O-O
15.Qd1d3 Qc3c6
16.Be2f3 e5
17.Qd3b3 b5
18.Rh1d1 e4
19.Bf3e2 Rf8f7
20.a4 e6
21.axb5 axb5
22.Ra1a5 b4
23.c4 Qc6b6
24.Rd1a1 Qb6d6
25.c5 Qd6c7
26.Ra1a4 Nf6d7
27.c6 Qc7xc6
28.Ra4xb4 Rb8xb4
29.Qb3xb4 Qc6c7
30.Ra5a8 Kg7
31.Qb4b2 e5
32.Qb2d2 Qc7c6
33.Ra8a5 d4
34.Be2b5 Qc6b6
35.Bb5xd7 Rf7xd7
36.Ra5xe5 Qb6c6
37.Kg1 d3
38.Qd2b2 Kh6
39.g4 d2
40.g5 Kh5
41.Kg2 d1Q
42.h3 Qd1f3
43.Kh2 Rd7d1
44.Re5xe4 Rd1h1

0-1

[Event "Tourn. n9068"]
[Site "www.chess-mail.com"]
[Date "2016.12.04"]
[Round "1"]
[White "Caspito"]
[Black "Xkafi"]
[WhiteElo "1860"]
[BlackElo "1970"]
[Result "1-0"]
[Round "1"]
1.e4 e5
2.Ng1f3 Qd8f6
3.c3 Bf8c5
4.d4 exd4
5.cxd4 Bc5b6
6.Bc1e3 Nb8c6
7.e5 Qf6g6
8.Nf3h4 Qg6e4
9.Nh4f3 h6
10.Nb1c3 Qe4g6
11.Nf3h4 Qg6h7
12.Bf1d3 g6
13.O-O Ng8e7
14.a3 Ne7f5
15.Nh4xf5 gxf5
16.Nc3d5 Qh7g6
17.Qd1f3 Nc6xd4
18.Be3xd4 Bb6xd4
19.Nd5xc7 Kf8
20.Ra1b1 Ra8b8
21.Rf1e1 Rh8g8
22.Bd3xf5 Qg6b6
23.Nc7d5 Qb6c5
24.Nd5f6 Qc5e7
25.Nf6xg8 Kxg8
26.Qf3h5 Kg7
27.Qh5g4 Qe7g5
28.Qg4xd4 Qg5xf5
29.e6 f6
30.e7 { resign }
1-0